[Event "PUR-ch"]
[Site "Caguas"]
[Date "2020.01.24"]
[Round "1"]
[White "Vazquez Maccarini, Danitza"]
[Black "Martinez Santiago, Fabian N"]
[Result "1-0"]
[WhiteElo "2095"]
[BlackElo "1405"]
[PlyCount "69"]
[EventDate "2020.01.24"]
[EventType "swiss"]
[EventRounds "5"]
[EventCountry "PUR"]
[SourceTitle "CBM 195 Extra"]
[Source "ChessBase"]
[SourceDate "2020.05.31"]
[SourceVersion "1"]
[SourceVersionDate "2020.05.31"]
[SourceQuality "1"]

1. e4 e5 2. Nf3 Nc6 3. Bb5 d6 4. 0-0 g6 5. d4 Bd7 6. Bxc6 Bxc6 7. dxe5 Bg7 8. exd6 cxd6 9. Nc3 Ne7 10. Bf4 d5 11. exd5 Nxd5 12. Re1+ Ne7 13. Qe2 Bf6 14. Rad1 Qc8 15. Bd6 Qd7 16. Bxe7 Qxe7 17. Qc4 0-0 18. Rxe7 Bxe7 19. Ne5 Rac8 20. Nxc6 Rxc6 21. Qe4 Bf6 22. Nd5 Re6 23. Nxf6+ Rxf6 24. Qxb7 Rb6 25. Qxa7 Rxb2 26. c4 Rc2 27. Qa4 Re2 28. h3 Rc8 29. c5 Re5 30. Rc1 h5 31. c6 Re7 32. c7 Rexc7 33. Rxc7 Rxc7 34. Qe8+ Kg7 35. Qe5+ 1-0